000 00778nam a22002417a 4500
003 OSt
005 20180727145222.0
008 161005b xxu||||| |||| 00| 0 eng d
020 _a978-950-892-171-0
040 _cCRI
082 _a001.4
100 1 _940008
_ade Souza Minayo, Maria Cecília
245 1 0 _aInvestigación social
_b: teoría, método y creatividad
_cMaria Cecília de Souza Minayo... [et al.] ; traducido por, Marcelo Urquía
250 _a1ª ed., 3ª reimp
260 _aBuenos Aires
_bLugar
_c2007
300 _a64 p.
_c20 cm
490 _aSalud Colectiva. Didáctica
650 2 4 _92258
_aInvestigación
700 1 _940010
_aFerreira Deslandes, Suely
700 1 _940012
_aCruz Neto, Octávio
700 1 _942772
_aUrquía, Marcelo
942 _2ddc
_cBK
999 _c26108
_d26108